Statystyki dla Państwa graniczące z morzem północnym

Kliknij tutaj aby rozwiązać quiz!

Ogólne statystyki

  • Ten quiz został rozwiązany 27 razy
  • Średni wynik to 6 z 6

Statystyki odpowiedzi

Kraj% Poprawnych
Dania
100%
Niemcy
96%
Norwegia
96%
Holandia
92%
WIelka Brytania
92%
Belgia
88%

Rozkład punktacji

Percentyl według liczby udzielonych odpowiedzi

Procent ludzi z każdym wynikiem

Twoja historia wyników

Nie rozwiązałeś tego quizu